000 00955nam a22002297a 4500
001 BR9505823
003 BR-BrBNA
005 20240304123736.0
007 ta
008 230509b bl.||||| |||| 00| 0 por d
040 _aBR-BrBNA
_bpor
_cBiblioteca Nacional de Agricultura
041 _a(Por)
072 _aA50
090 _aA50
_bBR9505823
110 1 _aAssociacao Brasileira de Credito e Assistencia Rural, Rio de Janeiro, RJ (Brasil)
_9230
245 1 _aQuestionario sobre "levantamento das necessidades de pesquisas agropecuarias" segundo as micro-regioes homogeneas, envolvendo; agricultura, pecuaria e fruticultura. Informacoes dos extensionistas da ACAR - Amazonas sobre: fertilizantes e corretivos, sementes, precos minimos, comercializacao, mecanizacao, mecanizacao agricola e meios massivos
260 3 _aRio de Janeiro, RJ (Brasil):
_c1973.
300 _a9 p.
650 _aPlanejamento Agricola
650 _aAmazonas
942 _cBK
_2AGRIS
999 _c51855
_d51855